Essence Reading Making teaching and Learning easier Lead the Change
Gồm những bài học tiếng Anh rèn luyện kỹ năng đọc dưới các dạng bài tập khác nhau từ dễ đến khó
Đã lưu trong:
| 主要作者: | |
|---|---|
| 格式: | 图书 |
| 语言: | Undetermined |
| 出版: |
Tp. Hồ Chí Minh
Tổng hợp Tp. Hồ Chí Minh;Công ty TNHH Nhân Trí Việt
2010
|
| 主题: | |
| 在线阅读: | http://lrc.tdmu.edu.vn/opac/search/detail.asp?aID=2&ID=14151 |
| 标签: |
添加标签
没有标签, 成为第一个标记此记录!
|
| Thư viện lưu trữ: | Trung tâm Học liệu Trường Đại học Thủ Dầu Một |
|---|
| LEADER | 00866nam a2200217Ia 4500 | ||
|---|---|---|---|
| 001 | TDMU_14151 | ||
| 008 | 210410s9999 xx 000 0 und d | ||
| 082 | |a 428.4 | ||
| 090 | |b L201 | ||
| 100 | |a Lee, Rachel | ||
| 245 | 0 | |a Essence Reading | |
| 245 | 0 | |b Making teaching and Learning easier Lead the Change | |
| 245 | 0 | |c Rachel Lee | |
| 260 | |a Tp. Hồ Chí Minh | ||
| 260 | |b Tổng hợp Tp. Hồ Chí Minh;Công ty TNHH Nhân Trí Việt | ||
| 260 | |c 2010 | ||
| 300 | |a 174tr. | ||
| 520 | |a Gồm những bài học tiếng Anh rèn luyện kỹ năng đọc dưới các dạng bài tập khác nhau từ dễ đến khó | ||
| 650 | |a Tiếng Anh |x Kỹ năng đọc | ||
| 856 | |u http://lrc.tdmu.edu.vn/opac/search/detail.asp?aID=2&ID=14151 | ||
| 980 | |a Trung tâm Học liệu Trường Đại học Thủ Dầu Một | ||